000 01023cab a2200325 4500
001 WB3025-06
008 090401t1994 xxu||||| |||| 00| 0 eng d
035 _a(Sirsi) u26814
041 _aeng
245 _aRules on tendering ignored
260 _c1994
350 _a0
490 _aBuilding
_v259(7850) 1 July 1994, 16(1)
520 _aThe FCEC claims that UK contractors are missing out on European construction work because other member states are not providing sufficient information in tender advertisements.
650 _aADVERTISEMENTS
650 _aCONSTRUCTION PROCUREMENT
650 _aCOST ESTIMATES
650 _aEC DIRECTIVES
650 _aFCEC
650 _aOFFICIAL JOURNAL
650 _aProcurement-old
650 _aPUBLIC PROCUREMENT
650 _aPUBLIC WORKS AMENDMENT DIRECTIVE 1989
650 _aTENDERING
690 _aBUILT ENVIRONMENT-BUILDING CONTRACT FORMS
690 _aEUROPE-SINGLE MARKET
690 _aPROFESSIONAL PRACTICE
942 _n0
948 _c04/03/1997
999 _c18057
_d18057